[Event "Madrid ch 2021-2022 Final"]
[Site "Madrid ESP"]
[Date "2022.05.27"]
[Round "3.12"]
[White "Rodriguez Melendez, Juan Humbert"]
[Black "Abbasifar, Hasan"]
[Result "1-0"]
[WhiteElo "2098"]
[BlackElo "2378"]
[PlyCount "125"]
[EventDate "2022.05.25"]
[EventType "swiss"]
[EventRounds "7"]
[EventCountry "ESP"]
[SourceTitle "Ajedrez en Madrid"]
[Source "lmi"]
[SourceDate "2022.05.26"]
[SourceVersion "1"]
[SourceVersionDate "2022.05.31"]
[SourceQuality "1"]

1. d4 Nf6 2. c4 g6 3. g3 Bg7 4. Bg2 O-O 5. Nf3 c5 6. d5 b5 7. cxb5 d6 8. Nc3 a6
9. bxa6 Bxa6 10. O-O Nbd7 11. Rb1 Qc7 12. h3 Rfb8 13. Re1 Ne8 14. Bf4 Rxb2 15.
Rxb2 Bxc3 16. Rc2 Bxe1 17. Qxe1 Nef6 18. Nd2 Qa5 19. Qd1 Rb8 20. Bf3 Qa4 21.
Qc1 Rb4 22. Kg2 Kg7 23. a3 Rb6 24. Rc3 Rb7 25. e4 Bb5 26. Re3 Nb6 27. Rb3 Qa6
28. Qa1 Be2 29. e5 Bxf3+ 30. Rxf3 dxe5 31. Bxe5 Nbxd5 32. Ne4 Qc6 33. g4 h6 34.
h4 Kf8 35. Nxf6 exf6 36. Bxf6 Nf4+ 37. Kg3 Ne2+ 38. Kg2 Rb3 39. Bg7+ Kg8 40.
Qf6 Qxf6 41. Bxf6 c4 42. Rxb3 cxb3 43. a4 Nf4+ 44. Kf3 Nd5 45. Bd4 f5 46. gxf5
gxf5 47. Ke2 Kf7 48. Kd3 Ke6 49. Kc4 Nc7 50. Kxb3 Kd5 51. Bb6 Ne6 52. Kb4 Kc6
53. Ba7 h5 54. Be3 f4 55. Bd2 Kd5 56. Kb5 Ke4 57. Ba5 Nd4+ 58. Kc4 Nf5 59. Bc7
Nxh4 60. a5 Nf3 61. a6 Nd2+ 62. Kc3 Nb1+ 63. Kb2 1-0

[Event "Madrid ch 2021-2022 Final"]
[Site "Madrid ESP"]
[Date "2022.05.27"]
[Round "3.13"]
[White "Centeno Mendoza, Julio Stefano"]
[Black "Horcajuelo Rocamora, Martin"]
[Result "1-0"]
[WhiteElo "2050"]
[BlackElo "2126"]
[PlyCount "123"]
[EventDate "2022.05.25"]
[EventType "swiss"]
[EventRounds "7"]
[EventCountry "ESP"]
[SourceTitle "Ajedrez en Madrid"]
[Source "lmi"]
[SourceDate "2022.05.26"]
[SourceVersion "1"]
[SourceVersionDate "2022.05.31"]
[SourceQuality "1"]

1. e4 c5 2. c3 Nf6 3. e5 Nd5 4. Bc4 Nb6 5. Bb3 d6 6. exd6 Qxd6 7. d4 cxd4 8.
Nf3 g6 9. Nxd4 Bg7 10. Be3 e5 11. Nb5 Qxd1+ 12. Kxd1 Na6 13. Nd6+ Ke7 14. Nxf7
Rf8 15. Ng5 h6 16. Ne4 Bg4+ 17. Ke1 Rad8 18. Nbd2 Nd5 19. Bxd5 Rxd5 20. f3 Be6
21. Bxa7 b6 22. c4 Rdd8 23. a3 Ra8 24. Bxb6 Rfb8 25. Ba5 Rxb2 26. Bc3 Rb7 27.
Kf2 Rc7 28. c5 Kf7 29. Rhb1 Nxc5 30. Nxc5 Rxc5 31. Ne4 Rc6 32. Rb7+ Kg8 33. Bb4
Rc2+ 34. Kg3 Rd8 35. Be7 Rd7 36. Rxd7 Bxd7 37. Rd1 Bc6 38. Bb4 Kh7 39. Rd6 g5
40. Nc3 Be8 41. Rd8 Bg6 42. Rd7 Bf5 43. Rb7 Kh8 44. Ne4 Be6 45. Re7 Bd5 46. Bd6
Bxe4 47. fxe4 Ra2 48. h3 Bf6 49. Bxe5 Rxa3+ 50. Kg4 Bxe5 51. Rxe5 Kg7 52. Rb5
Kf7 53. Rb6 Kg7 54. Kf5 Rg3 55. Rb2 h5 56. e5 g4 57. h4 Re3 58. e6 Re1 59. Rb7+
Kf8 60. Kf6 Rf1+ 61. Kg5 Rf2 62. Rf7+ 1-0

[Event "Madrid ch 2021-2022 Final"]
[Site "Madrid ESP"]
[Date "2022.05.28"]
[Round "4.1"]
[White "Suarez Uriel, Adrian"]
[Black "Moreno Ruiz, Javier"]
[Result "0-1"]
[WhiteElo "2370"]
[BlackElo "2422"]
[PlyCount "92"]
[EventDate "2022.05.25"]
[EventType "swiss"]
[EventRounds "7"]
[EventCountry "ESP"]
[SourceTitle "Ajedrez en Madrid"]
[Source "lmi"]
[SourceDate "2022.05.26"]
[SourceVersion "1"]
[SourceVersionDate "2022.05.31"]
[SourceQuality "1"]

1. e4 c5 2. Nf3 Nc6 3. d4 cxd4 4. Nxd4 e5 5. Nb5 a6 6. Nd6+ Bxd6 7. Qxd6 Qf6 8.
Qd1 Qg6 9. Nc3 Nge7 10. h4 h5 11. Bg5 d5 12. exd5 Nd4 13. Bd3 Bf5 14. Bxf5
Ndxf5 15. Qd3 f6 16. Be3 Qg4 17. Qe2 Rd8 18. Qxg4 hxg4 19. O-O-O Rxh4 20. Rxh4
Nxh4 21. g3 Nhf5 22. Bc5 Kf7 23. a4 Nd6 24. a5 Nef5 25. Na4 e4 26. Nb6 e3 27.
Bxe3 Nxe3 28. fxe3 Nf5 29. Rg1 Nxe3 30. c4 g5 31. Kd2 Nf5 32. b4 Nd4 33. Kd3
Nf3 34. Rh1 f5 35. Rh7+ Kg6 36. Re7 f4 37. Ke2 fxg3 38. Kf1 Rh8 39. Kg2 Rh3 40.
Re6+ Kg7 41. Re7+ Kf6 42. Re6+ Kf5 43. Nc8 Nh4+ 44. Kg1 g2 45. Ne7+ Kf4 46.
Ng6+ Kg3 0-1

[Event "Madrid ch 2021-2022 Final"]
[Site "Madrid ESP"]
[Date "2022.05.28"]
[Round "4.2"]
[White "Torres Boch, Jose F."]
[Black "De La Puerta Cresis, Javier"]
[Result "1-0"]
[WhiteElo "2134"]
[BlackElo "2128"]
[PlyCount "61"]
[EventDate "2022.05.25"]
[EventType "swiss"]
[EventRounds "7"]
[EventCountry "ESP"]
[SourceTitle "Ajedrez en Madrid"]
[Source "lmi"]
[SourceDate "2022.05.26"]
[SourceVersion "1"]
[SourceVersionDate "2022.05.31"]
[SourceQuality "1"]

1. e4 c5 2. Nf3 d6 3. d4 cxd4 4. Nxd4 Nf6 5. Nc3 a6 6. Bg5 e6 7. f4 h6 8. Bh4
Qb6 9. Qd2 Qxb2 10. Rb1 Qa3 11. e5 dxe5 12. fxe5 g5 13. exf6 gxh4 14. Be2 Qa5
15. O-O Nd7 16. Kh1 Qg5 17. Qd3 Nc5 18. Qc4 h3 19. Bf3 hxg2+ 20. Bxg2 Bd6 21.
Ne4 Nxe4 22. Bxe4 Qh5 23. Nf3 Rb8 24. Bc6+ Kf8 25. Bxb7 Bxb7 26. Rxb7 Rd8 27.
Rd7 Ke8 28. Rxd6 Rxd6 29. Qc8+ Rd8 30. Qc6+ Kf8 31. Qc7 1-0

[Event "Madrid ch 2021-2022 Final"]
[Site "Madrid ESP"]
[Date "2022.05.28"]
[Round "4.3"]
[White "Simonyan, Arturo"]
[Black "Martin Duque, Jesus"]
[Result "0-1"]
[WhiteElo "1895"]
[BlackElo "2391"]
[PlyCount "136"]
[EventDate "2022.05.25"]
[EventType "swiss"]
[EventRounds "7"]
[EventCountry "ESP"]
[SourceTitle "Ajedrez en Madrid"]
[Source "lmi"]
[SourceDate "2022.05.26"]
[SourceVersion "1"]
[SourceVersionDate "2022.05.31"]
[SourceQuality "1"]

1. e4 c5 2. Nf3 e6 3. d4 cxd4 4. Nxd4 Nc6 5. Nc3 Qc7 6. Be3 a6 7. Qd2 Nf6 8.
O-O-O b5 9. f3 Ne5 10. Nb3 Bb7 11. Qf2 Rc8 12. Bb6 Qb8 13. Ba7 Qa8 14. Bd4 Nc6
15. Bc5 Bxc5 16. Qxc5 Qb8 17. Be2 Na5 18. Qd6 Nxb3+ 19. axb3 Qxd6 20. Rxd6 Ke7
21. Rhd1 Rhd8 22. e5 Ne8 23. Rb6 Rb8 24. Na2 Nc7 25. c4 a5 26. Nc3 Bc6 27. Rxb8
Rxb8 28. cxb5 Bxb5 29. Bc4 Bc6 30. Kc2 f6 31. exf6+ gxf6 32. Ra1 Rg8 33. g3 Rg5
34. Ne4 Bxe4+ 35. fxe4 Rc5 36. Kc3 Nb5+ 37. Kd3 Nd6 38. Kd4 Re5 39. Bd3 Nb7 40.
Rc1 Nd8 41. Rc5 Nc6+ 42. Kc4 Kd6 43. Rxe5 Nxe5+ 44. Kc3 Nxd3 45. Kxd3 Ke5 46.
Ke3 f5 47. exf5 Kxf5 48. h3 h5 49. Kd4 e5+ 50. Kd5 e4 51. g4+ hxg4 52. hxg4+
Kf4 53. g5 e3 54. g6 e2 55. g7 e1=Q 56. g8=Q Qe4+ 57. Kd6 Qc6+ 58. Ke7 d5 59.
Qg1 Qc7+ 60. Ke6 Qe5+ 61. Kd7 d4 62. Qf2+ Kg5 63. Qd2+ Qf4 64. Qe1 d3 65. Qe7+
Kg4 66. Qg7+ Kf3 67. Qh7 Qd4+ 68. Kc7 Qa7+ 0-1

[Event "Madrid ch 2021-2022 Final"]
[Site "Madrid ESP"]
[Date "2022.05.28"]
[Round "4.4"]
[White "Perdomo Araujo, Angel Eduardo"]
[Black "Martinez Fernandez, Raul"]
[Result "1/2-1/2"]
[WhiteElo "2065"]
[BlackElo "2204"]
[PlyCount "168"]
[EventDate "2022.05.25"]
[EventType "swiss"]
[EventRounds "7"]
[EventCountry "ESP"]
[SourceTitle "Ajedrez en Madrid"]
[Source "lmi"]
[SourceDate "2022.05.26"]
[SourceVersion "1"]
[SourceVersionDate "2022.05.31"]
[SourceQuality "1"]

1. e4 e5 2. Nf3 Nc6 3. Nc3 Nf6 4. Be2 d5 5. exd5 Nxd5 6. O-O Nxc3 7. bxc3 Bd6
8. d4 O-O 9. Rb1 h6 10. Bb5 exd4 11. cxd4 Qf6 12. c3 Ne7 13. Bd3 Rb8 14. Re1
Ng6 15. h3 Nf4 16. Bxf4 Qxf4 17. Bc2 b6 18. Ne5 Qg5 19. Qd3 g6 20. Nf3 Qf4 21.
Qd2 Qxd2 22. Nxd2 Be6 23. Ne4 Be7 24. Bb3 Bxb3 25. axb3 Rfe8 26. Kf1 a5 27. c4
f5 28. Nc3 c6 29. Rbd1 Bf6 30. Rd3 Rxe1+ 31. Kxe1 b5 32. cxb5 cxb5 33. Kd2 Kf7
34. Nd5 Bd8 35. Kc2 Ra8 36. Nc3 Rb8 37. Nd5 Bf6 38. Nxf6 Kxf6 39. Rc3 Rb6 40.
Rc5 Ke6 41. f4 Kd6 42. Re5 Rb7 43. g4 Rc7+ 44. Kb2 fxg4 45. hxg4 Rh7 46. f5
gxf5 47. Rxf5 Kc6 48. Rh5 Rg7 49. Rxh6+ Kd5 50. Rb6 Rxg4 51. Rxb5+ Kc6 52. Rc5+
Kb6 53. Kc3 Rg1 54. Kc4 Rc1+ 55. Kd5 Rh1 56. Rc8 Kb7 57. Rc3 Kb6 58. Kc4 Kc6
59. d5+ Kd6 60. Rd3 Rh8 61. Kb5 Ra8 62. Rd4 Rb8+ 63. Ka4 Ra8 64. Rd3 Ra7 65.
Rh3 Kxd5 66. Rh5+ Kc6 67. Rxa5 Rh7 68. Rg5 Kb7 69. Ka5 Rh6 70. Rg7+ Kb8 71. b4
Rf6 72. Re7 Rh6 73. Re5 Kb7 74. Re7+ Kb8 75. Kb5 Rg6 76. Rd7 Rh6 77. Kc5 Rg6
78. Rh7 Rf6 79. Rh1 Kb7 80. Rh7+ Kb8 81. Rh5 Kb7 82. b5 Rg6 83. Rh7+ Kb8 84.
Rd7 Rh6 1/2-1/2

[Event "Madrid ch 2021-2022 Final"]
[Site "Madrid ESP"]
[Date "2022.05.28"]
[Round "4.5"]
[White "Ingunza Curro, Andres"]
[Black "Longa Yauca, Javier"]
[Result "1-0"]
[WhiteElo "2374"]
[BlackElo "2259"]
[PlyCount "95"]
[EventDate "2022.05.25"]
[EventType "swiss"]
[EventRounds "7"]
[EventCountry "ESP"]
[SourceTitle "Ajedrez en Madrid"]
[Source "lmi"]
[SourceDate "2022.05.26"]
[SourceVersion "1"]
[SourceVersionDate "2022.05.31"]
[SourceQuality "1"]

1. e4 e6 2. d4 d5 3. Nc3 Nf6 4. e5 Nfd7 5. Nce2 c5 6. c3 Nc6 7. Nf3 Be7 8. a3
O-O 9. g3 Re8 10. Bg2 f6 11. exf6 Bxf6 12. O-O Qb6 13. Rb1 Ne7 14. Nf4 Nf8 15.
Re1 Bd7 16. Bh3 cxd4 17. cxd4 Nc6 18. Be3 g6 19. b4 Rad8 20. Qd2 Bc8 21. a4 a5
22. b5 Nb4 23. Rbc1 Qd6 24. Nd3 Nxd3 25. Qxd3 Qb4 26. Qd1 Qe7 27. Bd2 b6 28.
Bf4 Rd7 29. Ne5 Rb7 30. Nc6 Qg7 31. Rc3 g5 32. Be5 Rf7 33. Bxf6 Qxf6 34. Qd2 h5
35. Ne5 Rg7 36. Rec1 Bb7 37. Rc7 Ree7 38. Rxe7 Qxe7 39. Nc6 Qa3 40. Nd8 g4 41.
Bf1 Qxa4 42. Bd3 Qa3 43. Nxb7 Rxb7 44. Rc8 Qe7 45. Qh6 Qd6 46. Bf5 Kf7 47.
Qxh5+ Kf6 48. Qh6+ 1-0

[Event "Madrid ch 2021-2022 Final"]
[Site "Madrid ESP"]
[Date "2022.05.28"]
[Round "4.7"]
[White "Ruiz Buendia, Miguel"]
[Black "Candela Perez, Jose"]
[Result "1-0"]
[WhiteElo "2162"]
[BlackElo "2336"]
[PlyCount "33"]
[EventDate "2022.05.25"]
[EventType "swiss"]
[EventRounds "7"]
[EventCountry "ESP"]
[SourceTitle "Ajedrez en Madrid"]
[Source "lmi"]
[SourceDate "2022.05.26"]
[SourceVersion "1"]
[SourceVersionDate "2022.05.31"]
[SourceQuality "1"]

1. e4 c5 2. Nf3 e6 3. d4 cxd4 4. Nxd4 Nc6 5. Nc3 Qc7 6. Be3 a6 7. Qf3 Ne5 8.
Qg3 b5 9. f4 Nc4 10. Bxc4 Qxc4 11. O-O-O h5 12. f5 h4 13. Qf4 Nf6 14. fxe6 fxe6
15. e5 Nh5 16. Qe4 Rb8 17. Qg6+ 1-0

[Event "Madrid ch 2021-2022 Final"]
[Site "Madrid ESP"]
[Date "2022.05.28"]
[Round "4.8"]
[White "Ortega Ruiz, Jose Miguel"]
[Black "Barez Menendez, Hector"]
[Result "1/2-1/2"]
[WhiteElo "2318"]
[BlackElo "2066"]
[PlyCount "39"]
[EventDate "2022.05.25"]
[EventType "swiss"]
[EventRounds "7"]
[EventCountry "ESP"]
[SourceTitle "Ajedrez en Madrid"]
[Source "lmi"]
[SourceDate "2022.05.26"]
[SourceVersion "1"]
[SourceVersionDate "2022.05.31"]
[SourceQuality "1"]

1. d4 d5 2. c4 e6 3. Nf3 Nf6 4. g3 Be7 5. Bg2 O-O 6. O-O dxc4 7. Qc2 a6 8. a4
Bd7 9. Rd1 Bc6 10. Nc3 Bxf3 11. Bxf3 Nc6 12. Bxc6 bxc6 13. a5 Rb8 14. Ra4 Rb4
15. Na2 Rxa4 16. Qxa4 Qd5 17. Nc3 Qh5 18. Qxc6 Qxa5 19. Qxc4 c5 20. dxc5
1/2-1/2

[Event "Madrid ch 2021-2022 Final"]
[Site "Madrid ESP"]
[Date "2022.05.28"]
[Round "4.9"]
[White "Neagu, Roberto Florin"]
[Black "Rottenwohrer Suarez, Juan"]
[Result "1/2-1/2"]
[WhiteElo "2076"]
[BlackElo "2256"]
[PlyCount "110"]
[EventDate "2022.05.25"]
[EventType "swiss"]
[EventRounds "7"]
[EventCountry "ESP"]
[SourceTitle "Ajedrez en Madrid"]
[Source "lmi"]
[SourceDate "2022.05.26"]
[SourceVersion "1"]
[SourceVersionDate "2022.05.31"]
[SourceQuality "1"]

1. Nf3 Nf6 2. g3 g6 3. Bg2 Bg7 4. O-O O-O 5. d3 c5 6. e4 Nc6 7. Re1 d6 8. c3 e5
9. h4 h6 10. Nbd2 Be6 11. Nf1 d5 12. Qe2 Re8 13. N3h2 Qd7 14. f3 Rad8 15. g4
Nh7 16. Ng3 b5 17. exd5 Bxd5 18. h5 g5 19. Nhf1 Be6 20. Qf2 Bf8 21. Nd2 Nf6 22.
Nde4 Nxe4 23. Nxe4 Qe7 24. Be3 Rd5 25. c4 bxc4 26. dxc4 Rd4 27. Bxd4 Nxd4 28.
Bf1 f5 29. gxf5 Bxf5 30. Rad1 Qf7 31. Bd3 Be6 32. Rf1 Be7 33. Ng3 Rf8 34. Kg2
Bd7 35. Be4 Qxc4 36. Kh2 Qe6 37. Qg2 Rf4 38. b3 Bd8 39. Rfe1 Bb6 40. Ne2 Rh4+
41. Kg1 Kg7 42. Nxd4 cxd4 43. Bd3 Bc6 44. Qg3 Rf4 45. Be4 Bb5 46. a4 Be8 47.
Rd3 Qd6 48. Rc1 Qa3 49. Qe1 Bxh5 50. b4 Qa2 51. a5 Bd8 52. Rc8 Rf8 53. Qc1 Qe6
54. Qc5 Bf7 55. Rc6 Qe7 1/2-1/2

[Event "Madrid ch 2021-2022 Final"]
[Site "Madrid ESP"]
[Date "2022.05.28"]
[Round "4.10"]
[White "Rodriguez Melendez, Juan Humbert"]
[Black "Centeno Mendoza, Julio Stefano"]
[Result "1-0"]
[WhiteElo "2098"]
[BlackElo "2050"]
[PlyCount "99"]
[EventDate "2022.05.25"]
[EventType "swiss"]
[EventRounds "7"]
[EventCountry "ESP"]
[SourceTitle "Ajedrez en Madrid"]
[Source "lmi"]
[SourceDate "2022.05.26"]
[SourceVersion "1"]
[SourceVersionDate "2022.05.31"]
[SourceQuality "1"]

1. d4 d5 2. c4 e6 3. g3 Nf6 4. Bg2 Be7 5. Nf3 O-O 6. O-O dxc4 7. Qc2 a6 8. a4
Bd7 9. Qxc4 Bc6 10. Bf4 Nbd7 11. Nc3 Nb6 12. Qb3 a5 13. Rfd1 Nfd5 14. Bd2 Bf6
15. Ne4 Qe8 16. Nc5 Be7 17. Ne5 Bxc5 18. Nxc6 Qxc6 19. dxc5 Qxc5 20. e4 Nb4 21.
Rac1 Qe7 22. Be3 Rfd8 23. Rxd8+ Rxd8 24. Bc5 Qd7 25. Bxb4 axb4 26. a5 Na4 27.
Qxb4 c5 28. Qb3 Qd2 29. Rb1 Qb4 30. Qxb4 cxb4 31. e5 Rb8 32. Rc1 Nxb2 33. Rc5
g6 34. Rb5 Ra8 35. Bxb7 Ra7 36. a6 Na4 37. f4 b3 38. Rxb3 Nc5 39. Rb6 Kf8 40.
Kf2 Ke8 41. Ke3 Nd7 42. Rc6 Ke7 43. Kd4 h5 44. h4 f6 45. Rc7 fxe5+ 46. fxe5 Kd8
47. Rc8+ Ke7 48. Ra8 Rxa8 49. Bxa8 Nb6 50. Be4 1-0

[Event "Madrid ch 2021-2022 Final"]
[Site "Madrid ESP"]
[Date "2022.05.28"]
[Round "4.12"]
[White "Rey Martinez, Jaime"]
[Black "Horcajuelo Rocamora, Martin"]
[Result "1-0"]
[WhiteElo "2055"]
[BlackElo "2126"]
[PlyCount "79"]
[EventDate "2022.05.25"]
[EventType "swiss"]
[EventRounds "7"]
[EventCountry "ESP"]
[SourceTitle "Ajedrez en Madrid"]
[Source "lmi"]
[SourceDate "2022.05.26"]
[SourceVersion "1"]
[SourceVersionDate "2022.05.31"]
[SourceQuality "1"]

1. e4 c5 2. Nf3 d6 3. d4 cxd4 4. Nxd4 Nf6 5. Nc3 a6 6. Be2 e5 7. Nb3 Be7 8. Bg5
Nbd7 9. a4 O-O 10. O-O h6 11. Be3 b6 12. Qd3 Bb7 13. Rad1 Qc7 14. Rfe1 Rfc8 15.
f4 Rd8 16. Nd5 Nxd5 17. exd5 Rac8 18. c3 Nf6 19. Bf3 Rd7 20. Nd2 exf4 21. Bf2
Rdd8 22. Qd4 b5 23. b3 Re8 24. c4 bxa4 25. bxa4 Nd7 26. Bg4 Rcd8 27. Bxd7 Qxd7
28. Qxf4 Bg5 29. Qd4 Bf6 30. Qd3 Qxa4 31. Ne4 Be5 32. Bb6 f5 33. Bxd8 fxe4 34.
Qb1 Rxd8 35. Qxb7 Qxc4 36. Rc1 Qd4+ 37. Kh1 e3 38. Rc8 Qf4 39. Rxd8+ Kh7 40.
Qb1+ 1-0

[Event "Madrid ch 2021-2022 Final"]
[Site "Madrid ESP"]
[Date "2022.05.29"]
[Round "5.1"]
[White "Moreno Ruiz, Javier"]
[Black "Martin Duque, Jesus"]
[Result "1-0"]
[WhiteElo "2422"]
[BlackElo "2391"]
[PlyCount "111"]
[EventDate "2022.05.25"]
[EventType "swiss"]
[EventRounds "7"]
[EventCountry "ESP"]
[SourceTitle "Ajedrez en Madrid"]
[Source "lmi"]
[SourceDate "2022.05.26"]
[SourceVersion "1"]
[SourceVersionDate "2022.05.31"]
[SourceQuality "1"]

1. d4 Nf6 2. Bg5 c5 3. d5 d6 4. Nc3 h6 5. Bxf6 exf6 6. e4 g6 7. Nf3 Bg7 8. Bd3
O-O 9. O-O Re8 10. Rb1 a6 11. a4 Nd7 12. Re1 Rb8 13. h3 Qc7 14. Nd2 Ne5 15. Be2
g5 16. Bg4 Nxg4 17. hxg4 b5 18. axb5 axb5 19. Nf1 b4 20. Na2 Qd7 21. f3 h5 22.
gxh5 f5 23. Ng3 Qa7 24. Nc1 c4+ 25. Kh1 Qf2 26. Nce2 f4 27. Rf1 Qe3 28. h6 Bh8
29. Nh5 f5 30. c3 fxe4 31. Nd4 exf3 32. gxf3 Bxd4 33. cxd4 Kf7 34. Qc2 Qd3 35.
Qxd3 cxd3 36. Rg1 d2 37. Rbd1 Re2 38. Rxg5 Re1+ 39. Rg1 Rxd1 40. Rxd1 Kg6 41.
Nxf4+ Kxh6 42. Rxd2 Bb7 43. Rg2 Kh7 44. Re2 Kh6 45. Kh2 Kg5 46. Kg3 Kf5 47. Re7
Rg8+ 48. Kf2 Kxf4 49. Rf7+ Kg5 50. Rxb7 Kf4 51. Rf7+ Kg5 52. Ke3 Rc8 53. Kd3 b3
54. Rb7 Kf4 55. Rxb3 Kxf3 56. Rb6 1-0

[Event "Madrid ch 2021-2022 Final"]
[Site "Madrid ESP"]
[Date "2022.05.29"]
[Round "5.2"]
[White "Suarez Uriel, Adrian"]
[Black "Torres Boch, Jose F."]
[Result "1-0"]
[WhiteElo "2370"]
[BlackElo "2134"]
[PlyCount "79"]
[EventDate "2022.05.25"]
[EventType "swiss"]
[EventRounds "7"]
[EventCountry "ESP"]
[SourceTitle "Ajedrez en Madrid"]
[Source "lmi"]
[SourceDate "2022.05.26"]
[SourceVersion "1"]
[SourceVersionDate "2022.05.31"]
[SourceQuality "1"]

1. d4 Nf6 2. c4 e6 3. Nf3 b6 4. g3 Ba6 5. Qc2 d5 6. cxd5 exd5 7. Bg2 Be7 8. Bf4
O-O 9. O-O c5 10. dxc5 bxc5 11. Ne5 Qb6 12. Nc3 Nc6 13. Nxc6 Qxc6 14. Rfd1 Rad8
15. Bg5 Qe6 16. Bxf6 Bxf6 17. Bxd5 Qg4 18. e3 Bxc3 19. bxc3 Be2 20. Rd2 Bf3 21.
Bxf3 Rxd2 22. Qxd2 Qxf3 23. c4 h5 24. h4 Re8 25. Qd5 Qg4 26. Rb1 Re4 27. Rb7
Re6 28. Rxa7 Rf6 29. Ra8+ Kh7 30. Qd3+ Rg6 31. Qd8 Rf6 32. Qd3+ Rg6 33. Rd8 f5
34. Rd5 Qxh4 35. Qxf5 Qxc4 36. Qxh5+ Kg8 37. Rxc5 Qa6 38. Qd5+ Kh7 39. Qe4 Kh8
40. Qc4 1-0

[Event "Madrid ch 2021-2022 Final"]
[Site "Madrid ESP"]
[Date "2022.05.29"]
[Round "5.3"]
[White "De La Puerta Cresis, Javier"]
[Black "Ingunza Curro, Andres"]
[Result "1/2-1/2"]
[WhiteElo "2128"]
[BlackElo "2374"]
[PlyCount "28"]
[EventDate "2022.05.25"]
[EventType "swiss"]
[EventRounds "7"]
[EventCountry "ESP"]
[SourceTitle "Ajedrez en Madrid"]
[Source "lmi"]
[SourceDate "2022.05.26"]
[SourceVersion "1"]
[SourceVersionDate "2022.05.31"]
[SourceQuality "1"]

1. e4 e6 2. d4 d5 3. exd5 exd5 4. Nf3 Bd6 5. Bd3 Nf6 6. Qe2+ Qe7 7. Qxe7+ Bxe7
8. O-O O-O 9. Bf4 c6 10. Re1 Re8 11. Nbd2 Bg4 12. h3 Bh5 13. a4 Bg6 14. Bxg6
hxg6 1/2-1/2

[Event "Madrid ch 2021-2022 Final"]
[Site "Madrid ESP"]
[Date "2022.05.29"]
[Round "5.4"]
[White "Perdomo Araujo, Angel Eduardo"]
[Black "Alarcia Astiz, Carlos"]
[Result "1/2-1/2"]
[WhiteElo "2065"]
[BlackElo "2273"]
[PlyCount "37"]
[EventDate "2022.05.25"]
[EventType "swiss"]
[EventRounds "7"]
[EventCountry "ESP"]
[SourceTitle "Ajedrez en Madrid"]
[Source "lmi"]
[SourceDate "2022.05.26"]
[SourceVersion "1"]
[SourceVersionDate "2022.05.31"]
[SourceQuality "1"]

1. e4 c6 2. d4 d5 3. Nc3 dxe4 4. Nxe4 Bf5 5. Ng3 Bg6 6. Nh3 e6 7. Nf4 Bd6 8. c3
Nf6 9. h4 Bxf4 10. Bxf4 h6 11. Bd3 Bxd3 12. Qxd3 O-O 13. O-O-O b5 14. Ne4 Nxe4
15. Qxe4 Qd5 16. Qxd5 cxd5 17. Bxb8 Raxb8 18. a3 h5 19. f3 1/2-1/2

[Event "Madrid ch 2021-2022 Final"]
[Site "Madrid ESP"]
[Date "2022.05.29"]
[Round "5.5"]
[White "Martinez Fernandez, Raul"]
[Black "Ruiz Buendia, Miguel"]
[Result "1/2-1/2"]
[WhiteElo "2204"]
[BlackElo "2162"]
[PlyCount "68"]
[EventDate "2022.05.25"]
[EventType "swiss"]
[EventRounds "7"]
[EventCountry "ESP"]
[SourceTitle "Ajedrez en Madrid"]
[Source "lmi"]
[SourceDate "2022.05.26"]
[SourceVersion "1"]
[SourceVersionDate "2022.05.31"]
[SourceQuality "1"]

1. e4 c5 2. Nf3 d6 3. d4 cxd4 4. Nxd4 Nf6 5. Nc3 a6 6. h3 e5 7. Nde2 h5 8. Bg5
Be6 9. Bxf6 Qxf6 10. Nd5 Qd8 11. Nec3 g6 12. Bc4 Bh6 13. O-O O-O 14. Qd3 Nc6
15. a4 Rc8 16. Ba2 Nd4 17. f4 Bxd5 18. Nxd5 Rxc2 19. Rf2 Rxf2 20. Kxf2 Qh4+ 21.
Qg3 Qxg3+ 22. Kxg3 Ne2+ 23. Kf3 Nxf4 24. Nxf4 Bxf4 25. Rd1 Rd8 26. a5 Kg7 27.
Rd3 f5 28. Bd5 Rb8 29. Rb3 Bd2 30. Rxb7+ Rxb7 31. Bxb7 Bxa5 32. Bxa6 Kf6 33.
Bc4 g5 34. exf5 Kxf5 1/2-1/2

[Event "Madrid ch 2021-2022 Final"]
[Site "Madrid ESP"]
[Date "2022.05.29"]
[Round "5.6"]
[White "Ortega Ruiz, Jose Miguel"]
[Black "Simonyan, Arturo"]
[Result "1/2-1/2"]
[WhiteElo "2318"]
[BlackElo "1895"]
[PlyCount "39"]
[EventDate "2022.05.25"]
[EventType "swiss"]
[EventRounds "7"]
[EventCountry "ESP"]
[SourceTitle "Ajedrez en Madrid"]
[Source "lmi"]
[SourceDate "2022.05.26"]
[SourceVersion "1"]
[SourceVersionDate "2022.05.31"]
[SourceQuality "1"]

1. Nf3 Nf6 2. g3 d5 3. Bg2 e6 4. O-O Be7 5. d4 O-O 6. c4 Nbd7 7. b3 b6 8. Nc3
Bb7 9. Qd3 c5 10. cxd5 Nxd5 11. Nxd5 Bxd5 12. e4 Bb7 13. e5 cxd4 14. Qxd4 Nc5
15. Qg4 Qd3 16. Ba3 Qa6 17. Bb4 Qb5 18. Ba3 Qa6 19. Bb4 Qb5 20. Ba3 1/2-1/2

[Event "Madrid ch 2021-2022 Final"]
[Site "Madrid ESP"]
[Date "2022.05.29"]
[Round "5.7"]
[White "Barez Menendez, Hector"]
[Black "Rodriguez Melendez, Juan Humbert"]
[Result "1/2-1/2"]
[WhiteElo "2066"]
[BlackElo "2098"]
[PlyCount "126"]
[EventDate "2022.05.25"]
[EventType "swiss"]
[EventRounds "7"]
[EventCountry "ESP"]
[SourceTitle "Ajedrez en Madrid"]
[Source "lmi"]
[SourceDate "2022.05.26"]
[SourceVersion "1"]
[SourceVersionDate "2022.05.31"]
[SourceQuality "1"]

1. d4 Nf6 2. Nf3 g6 3. g3 Bg7 4. Bg2 O-O 5. c4 d6 6. O-O Nc6 7. Nc3 a6 8. b3
Rb8 9. d5 Na5 10. Bg5 c5 11. dxc6 bxc6 12. c5 d5 13. Bf4 Rb7 14. Be5 Bh6 15.
Bxf6 exf6 16. Nd4 f5 17. e3 Qc7 18. Qd2 Ra7 19. Na4 Nb7 20. b4 Nd8 21. Nb6 Ne6
22. Rac1 Bg7 23. Nb3 h5 24. Rfd1 h4 25. a4 g5 26. gxh4 Be5 27. hxg5 Bxh2+ 28.
Kf1 f4 29. Nxc8 fxe3 30. fxe3 Rxc8 31. Bh3 Re8 32. Rc2 Bg3 33. Bxe6 fxe6 34.
Ke2 Qh7 35. Rf1 Raa8 36. Qd3 Qh5+ 37. Kd2 Rf8 38. Kc3 Rxf1 39. Qxf1 Rf8 40. Qg1
Qh4 41. Kb2 Bf2 42. Qg2 Bxe3 43. Re2 Qf4 44. Qh3 d4 45. Qxe6+ Qf7 46. Qxf7+
Kxf7 47. Na5 Ke6 48. Nxc6 Kd5 49. b5 axb5 50. axb5 Kxc5 51. Kc2 Kxb5 52. Ne5
Bxg5 53. Kd3 Be3 54. Rb2+ Ka4 55. Nc4 Bg1 56. Nb6+ Ka5 57. Nc4+ Ka6 58. Rb1 Rg8
59. Nd2 Rg3+ 60. Ke4 Rg4+ 61. Kf3 Rg8 62. Nb3 Be3 63. Rd1 Rf8+ 1/2-1/2

[Event "Madrid ch 2021-2022 Final"]
[Site "Madrid ESP"]
[Date "2022.05.29"]
[Round "5.8"]
[White "Candela Perez, Jose"]
[Black "Neagu, Roberto Florin"]
[Result "1/2-1/2"]
[WhiteElo "2336"]
[BlackElo "2076"]
[PlyCount "61"]
[EventDate "2022.05.25"]
[EventType "swiss"]
[EventRounds "7"]
[EventCountry "ESP"]
[SourceTitle "Ajedrez en Madrid"]
[Source "lmi"]
[SourceDate "2022.05.26"]
[SourceVersion "1"]
[SourceVersionDate "2022.05.31"]
[SourceQuality "1"]

1. d4 Nf6 2. c4 e6 3. Nc3 Bb4 4. Qc2 O-O 5. a3 Bxc3+ 6. Qxc3 d5 7. e3 b6 8. Nf3
Bb7 9. b4 c5 10. Bb2 cxd4 11. Nxd4 Nbd7 12. Rd1 Qe7 13. cxd5 Bxd5 14. Nc6 Qd6
15. b5 Nc5 16. f3 Na4 17. Qe5 Ne8 18. e4 Qxe5 19. Bxe5 Bxc6 20. bxc6 Rc8 21.
Bb5 Nc5 22. Bd4 Nb3 23. Be3 Nc7 24. Ba4 Na5 25. Rc1 Rfd8 26. Rc3 b5 27. Bc2 Nc4
28. Bxa7 Rd6 29. Bc5 Rxc6 30. Be7 e5 31. Kf2 1/2-1/2